Concepto y finalidad del desarrollo económico (Registro nro. 26692)

Detalles MARC
000 -LEADER
fixed length control field 00376 a2200121 4500
001 - CONTROL NUMBER
control field ART_13162
005 - DATE AND TIME OF LATEST TRANSACTION
control field 20260410161910.0
008 - FIXED-LENGTH DATA ELEMENTS--GENERAL INFORMATION
fixed length control field 260409a
100 1# - MAIN ENTRY--PERSONAL NAME
Personal name Herschel, Federico Julio
245 10 - TITLE STATEMENT
Title Concepto y finalidad del desarrollo económico
700 1# - ADDED ENTRY--PERSONAL NAME
Personal name Cibotti, Ricardo
773 0# - HOST ITEM ENTRY
Title Revista de Desarrollo económico
Related parts - Nº 1 (oct. 1958)
Record control number REV13159

No hay ítems disponibles.